| 000 | 00572cam a2200205ua 4500 | ||
|---|---|---|---|
| 020 | _c95.00 | ||
| 041 |
_aeng _h |
||
| 082 |
_a631.56 _bLAX/IM |
||
| 100 | _aLaxminarayanan, H . | ||
| 245 |
_aImpact of harvest combines on labour use crop pattern and productivity / _cH.Laxminarayanan. _hTextual Documents |
||
| 260 |
_aNew Delhi : _bAgricole Publishing Academy , _c1981. |
||
| 300 | _a174 ; . | ||
| 365 | _a95.00 | ||
| 504 | _a | ||
| 700 | 1 | _aGupta, D.P . | |
| 700 | 1 | _aMalik, R.P.S . | |
| 700 | 1 | _aRangaswami, P . | |
| 942 | _cBK | ||
| 999 |
_c9324 _d9324 |
||